000 01019cam a2200205 4500
001 WB3836-03
008 021003n2002 000 0 eng u
035 _a(Sirsi) u119984
245 _aDirections to an inclusive environment
260 _c2002
490 _aDPTAC News Release
_v 1 October 2002, (1)
520 _aDisabled Persons Transport Advisory Committee (DPTAC) has launched a comprehensive ♯knowledge mapα of access guidance. The Research Group for Inclusive Environments working for the DPTAC carried out this major project gathering over 400 sources of information on access issues and reviewing the scope and relevance of each one. The knowledge map is available for free on the DPTAC website: http://212.20.228.135/search_e.asp
590 _aWB
650 _aMANAGEMENT-BUSINESS MANAGEMENT-DISCRIMINATION-DISABILITY DISCRIMINATION-ACCESSIBILITY
650 _aDISABLED PEOPLE
650 _aGUIDANCE
690 _aBUILT ENVIRONMENT
856 _ahttp://www.rdg.ac.uk/ie/news.html
942 _n0
999 _c71297
_d71297